00150nam a2200061Ia 4500008004100000100002700041245002000068120527s9999 xx 000 0 und d aWillkin, A. Mcearchern aMicro Economics